00862 2200277 4500001002100000005001500021035002000036007000300056008004500059020002200104082001100126084002000137100002600157245006800183300006000251440001700311650003000328700003200358520005200390264003600442336002100478337003000499338002300529990001600552990001600568INLIS00000000116488920241002033017 a0010-1024000034ta241002 b 0 Ind-eng  a978-979-26-9378-2 a2X1.22 aSR 2X1.22 ARI s0 aArif Hidayahepenulis1 aStory of honeybee /cArif Hidayah ; penerjemah, Adinda Presanti a6 halaman tidak bernomor :bIlustrasi berwarna ;c13 cm aWow, amazing 4aAl Quran -- Cerita-cerita0 aAdinda Presantiepenerjemah aBerisi cerita tentang lebah madu dalam Al Quran aBandung :bPelangi Mizan,c2022 2rdacontentateks 2rdamediaatanpa perantara 2rdacarrieravolume a55112.67932 a55113.67933